A Gandhian patriarch; (Record no. 69936)

MARC details
000 -LEADER
fixed length control field 00701cam a22002171 4500
001 - CONTROL NUMBER
control field sa 66005406
003 - CONTROL NUMBER IDENTIFIER
control field DLC
005 - DATE AND TIME OF LATEST TRANSACTION
control field 20260227112249.0
008 - FIXED-LENGTH DATA ELEMENTS--GENERAL INFORMATION
fixed length control field 840815s1965 ii c b 000 0beng
010 ## - LIBRARY OF CONGRESS CONTROL NUMBER
LC control number sa 66005406
025 ## - OVERSEAS ACQUISITION NUMBER
Overseas acquisition number PL480:I-E-5683
035 ## - SYSTEM CONTROL NUMBER
System control number (OCoLC)11057905
040 ## - CATALOGING SOURCE
Original cataloging agency DLC
Transcribing agency NcWsW
Modifying agency DLC
050 00 - LIBRARY OF CONGRESS CALL NUMBER
Classification number DS481.K26
Item number P7
100 1# - MAIN ENTRY--PERSONAL NAME
Personal name Prasad, Madho,
Dates associated with a name 1902 or 1903-1964.
245 12 - TITLE STATEMENT
Title A Gandhian patriarch;
Remainder of title a political and spiritual biography of Kaka Kalelkar.
Statement of responsibility, etc. Foreword by Lal Bahadur Shastri.
260 ## - PUBLICATION, DISTRIBUTION, ETC.
Place of publication, distribution, etc. Bombay,
Name of publisher, distributor, etc. Popular Prakashan
Date of publication, distribution, etc. [1965]
300 ## - PHYSICAL DESCRIPTION
Extent x, 378 p.
Other physical details port.
Dimensions 23 cm.
504 ## - BIBLIOGRAPHY, ETC. NOTE
Bibliography, etc. note Bibliography: p. 365-369.
600 10 - SUBJECT ADDED ENTRY--PERSONAL NAME
Personal name Kalelkar, Dattatraya Balakrishna,
Dates associated with a name 1885-

No items available.

Powered by Koha